Eastern Utah Libraries Catalog: Duchesne, Heber, Roosevelt, & Vernal

Road home / (Record no. 404255)

MARC details
000 -LEADER
fixed length control field 04436cam a2200853 i 4500
001 - CONTROL NUMBER
control field on1398568305
003 - CONTROL NUMBER IDENTIFIER
control field OCoLC
005 - DATE AND TIME OF LATEST TRANSACTION
control field 20250207151751.0
008 - FIXED-LENGTH DATA ELEMENTS--GENERAL INFORMATION
fixed length control field 230923t20242024nyu d 000 0aeng d
020 ## - INTERNATIONAL STANDARD BOOK NUMBER
International Standard Book Number 9781324019923
Qualifying information (hardcover)
020 ## - INTERNATIONAL STANDARD BOOK NUMBER
International Standard Book Number 1324019921
Qualifying information (hardcover)
035 ## - SYSTEM CONTROL NUMBER
System control number (OCoLC)1398568305
040 ## - CATALOGING SOURCE
Original cataloging agency YDX
Language of cataloging eng
Description conventions rda
Transcribing agency YDX
Modifying agency BDX
-- TOH
-- BKL
-- OCLCO
-- JAS
-- DMM
-- IMD
-- IHI
-- IG#
-- CHILD
050 04 - LIBRARY OF CONGRESS CALL NUMBER
Classification number HV1431
Item number .O35 2024
082 04 - DEWEY DECIMAL CLASSIFICATION NUMBER
Classification number 362.7/7569092
-- B
Edition number 23
092 ## - LOCALLY ASSIGNED DEWEY CALL NUMBER (OCLC)
Classification number junior nonfiction
Item number Ogle
100 1# - MAIN ENTRY--PERSONAL NAME
Personal name Ogle, Rex,
Relator term author.
245 10 - TITLE STATEMENT
Title Road home /
Statement of responsibility, etc Rex Ogle.
250 ## - EDITION STATEMENT
Edition statement First edition.
264 #1 - Production, Publication, Distribution, Manufacture, and Copyright Notice.
Place of production, publication, distribution, manufacture New York, New York :
Name of producer, publisher, distributor, manufacturer Norton Young Readers, an Imprint of W. W. Norton & Company,
Date of production, publication, distribution, manufacture, or copyr [2024]
264 #4 - Production, Publication, Distribution, Manufacture, and Copyright Notice.
Date of production, publication, distribution, manufacture, or copyr ©2024
300 ## - PHYSICAL DESCRIPTION
Extent 264 pages ;
Dimensions 22 cm
336 ## - Content Type
Content type term text
337 ## - Media type
Media type term unmediated
338 ## - Carrier type
Carrier type term volume
520 ## - SUMMARY, ETC.
Summary, etc "This final, essential chapter in Rex Ogle's memoir trilogy recounts being forced from his home and living on the streets after his father discovered he was gay. When Rex was outed the summer after he graduated high school, his father gave him a choice: he could stay at home, find a girlfriend, and attend church twice a week, or he could be gay--and leave. Rex left, driving toward the only other gay man he knew and a toxic relationship that would ultimately leave him homeless and desperate on the streets of New Orleans. Here, Rex tells the story of his coming out and his father's rejection of his identity, navigating abuse and survival on the streets. Road Home is a devastating and incandescent reflection on Rex's hunger--for food, for love, and for a place to call home--completing the trilogy of memoirs that began with the award-winning Free Lunch."--
521 1# - TARGET AUDIENCE NOTE
Target audience note Ages 13-18
Source Norton Young Readers.
521 2# - TARGET AUDIENCE NOTE
Target audience note 9 and up.
586 ## - AWARDS NOTE
Awards note Prince Honor Book Award, 2025.
586 ## - AWARDS NOTE
Awards note Stonewall Honor Book, 2025.
600 10 - SUBJECT ADDED ENTRY--PERSONAL NAME
Personal name Ogle, Rex
Form subdivision Juvenile literature.
9 (RLIN) 6538420
600 10 - SUBJECT ADDED ENTRY--PERSONAL NAME
Personal name Ogle, Rex
General subdivision Childhood and youth
Form subdivision Juvenile literature.
9 (RLIN) 6463681
600 11 - SUBJECT ADDED ENTRY--PERSONAL NAME
Personal name Ogle, Rex.
600 11 - SUBJECT ADDED ENTRY--PERSONAL NAME
Personal name Ogle, Rex
General subdivision Childhood and youth.
9 (RLIN) 6463682
650 #0 - SUBJECT ADDED ENTRY--TOPICAL TERM
Topical term or geographic name as entry element Poor teenagers
Geographic subdivision United States
Form subdivision Biography
-- Juvenile literature.
9 (RLIN) 6463683
650 #0 - SUBJECT ADDED ENTRY--TOPICAL TERM
Topical term or geographic name as entry element Prince Award
9 (RLIN) 6538413
650 #0 - SUBJECT ADDED ENTRY--TOPICAL TERM
Topical term or geographic name as entry element Stonewall Book Award
9 (RLIN) 6448030
650 #0 - SUBJECT ADDED ENTRY--TOPICAL TERM
Topical term or geographic name as entry element Low-income high school students
Geographic subdivision United States
Form subdivision Biography
-- Juvenile literature.
9 (RLIN) 6536243
650 #0 - SUBJECT ADDED ENTRY--TOPICAL TERM
Topical term or geographic name as entry element Coming out (Sexual orientation)
Geographic subdivision United States
Form subdivision Biography
-- Juvenile literature.
9 (RLIN) 6538421
650 #0 - SUBJECT ADDED ENTRY--TOPICAL TERM
Topical term or geographic name as entry element Gay teenagers
Geographic subdivision United States
Form subdivision Biography.
9 (RLIN) 6538422
650 #0 - SUBJECT ADDED ENTRY--TOPICAL TERM
Topical term or geographic name as entry element Homeless teenagers
Geographic subdivision United States
Form subdivision Biography.
9 (RLIN) 6538423
650 #0 - SUBJECT ADDED ENTRY--TOPICAL TERM
Topical term or geographic name as entry element Coming out (Sexual orientation)
650 #0 - SUBJECT ADDED ENTRY--TOPICAL TERM
Topical term or geographic name as entry element Homophobia.
650 #0 - SUBJECT ADDED ENTRY--TOPICAL TERM
Topical term or geographic name as entry element Parental rejection.
9 (RLIN) 6538424
650 #0 - SUBJECT ADDED ENTRY--TOPICAL TERM
Topical term or geographic name as entry element Man-man relationships.
9 (RLIN) 6538425
650 #0 - SUBJECT ADDED ENTRY--TOPICAL TERM
Topical term or geographic name as entry element Young adult literature.
650 #1 - SUBJECT ADDED ENTRY--TOPICAL TERM
Topical term or geographic name as entry element Poor teenagers.
9 (RLIN) 5809708
650 #1 - SUBJECT ADDED ENTRY--TOPICAL TERM
Topical term or geographic name as entry element Low-income high school students.
9 (RLIN) 6538426
650 #1 - SUBJECT ADDED ENTRY--TOPICAL TERM
Topical term or geographic name as entry element Coming out.
9 (RLIN) 6495604
650 #6 - SUBJECT ADDED ENTRY--TOPICAL TERM
Topical term or geographic name as entry element Adolescents pauvres
Geographic subdivision États-Unis
Form subdivision Biographies.
9 (RLIN) 6538427
650 #6 - SUBJECT ADDED ENTRY--TOPICAL TERM
Topical term or geographic name as entry element Élèves du secondaire à faible revenu
Geographic subdivision États-Unis
Form subdivision Biographies.
9 (RLIN) 6538428
650 #6 - SUBJECT ADDED ENTRY--TOPICAL TERM
Topical term or geographic name as entry element Littérature pour jeunes adultes.
9 (RLIN) 6538429
650 #7 - SUBJECT ADDED ENTRY--TOPICAL TERM
Topical term or geographic name as entry element YOUNG ADULT NONFICTION / Social Topics / Physical & Emotional Abuse (see also Social Topics / Sexual Abuse).
Source of heading or term bisacsh
9 (RLIN) 6538430
650 #7 - SUBJECT ADDED ENTRY--TOPICAL TERM
Topical term or geographic name as entry element YOUNG ADULT NONFICTION / Social Topics / Homelessness & Poverty.
Source of heading or term bisacsh
9 (RLIN) 6538431
650 #7 - SUBJECT ADDED ENTRY--TOPICAL TERM
Topical term or geographic name as entry element YOUNG ADULT NONFICTION / Biography & Autobiography / General.
Source of heading or term bisacsh
9 (RLIN) 6538432
650 #7 - SUBJECT ADDED ENTRY--TOPICAL TERM
Topical term or geographic name as entry element SOCIAL SCIENCE / Sociology / General.
Source of heading or term bisacsh
9 (RLIN) 5807187
650 #7 - SUBJECT ADDED ENTRY--TOPICAL TERM
Topical term or geographic name as entry element Low-income high school students
Source of heading or term fast
9 (RLIN) 6538426
650 #7 - SUBJECT ADDED ENTRY--TOPICAL TERM
Topical term or geographic name as entry element Poor teenagers
Source of heading or term fast
9 (RLIN) 5809708
650 #7 - SUBJECT ADDED ENTRY--TOPICAL TERM
Topical term or geographic name as entry element Coming out.
Source of heading or term homoit
9 (RLIN) 6495604
650 #7 - SUBJECT ADDED ENTRY--TOPICAL TERM
Topical term or geographic name as entry element LGBTQ+ youth.
Source of heading or term homoit
9 (RLIN) 6538433
650 #7 - SUBJECT ADDED ENTRY--TOPICAL TERM
Topical term or geographic name as entry element Gay youth.
Source of heading or term homoit
9 (RLIN) 5748647
650 #7 - SUBJECT ADDED ENTRY--TOPICAL TERM
Topical term or geographic name as entry element Poor
Form subdivision Biography
-- Juvenile literature.
Source of heading or term sears
9 (RLIN) 6538434
650 #7 - SUBJECT ADDED ENTRY--TOPICAL TERM
Topical term or geographic name as entry element Poor
Form subdivision Biography.
Source of heading or term sears
9 (RLIN) 6538435
651 #7 - SUBJECT ADDED ENTRY--GEOGRAPHIC NAME
Geographic name United States
Source of heading or term fast
655 #0 - INDEX TERM--GENRE/FORM
Genre/form data or focus term Young adult literature.
9 (RLIN) 5700578
655 #1 - INDEX TERM--GENRE/FORM
Genre/form data or focus term Biographies.
9 (RLIN) 5691024
655 #2 - INDEX TERM--GENRE/FORM
Genre/form data or focus term Autobiography
9 (RLIN) 5704633
655 #7 - INDEX TERM--GENRE/FORM
Genre/form data or focus term autobiographies (literary works)
Source of term aat
9 (RLIN) 6475111
655 #7 - INDEX TERM--GENRE/FORM
Genre/form data or focus term Biographies
Source of term fast
9 (RLIN) 5691024
655 #7 - INDEX TERM--GENRE/FORM
Genre/form data or focus term Juvenile works
Source of term fast
9 (RLIN) 5673941
655 #7 - INDEX TERM--GENRE/FORM
Genre/form data or focus term Autobiographies.
Source of term lcgft
655 #7 - INDEX TERM--GENRE/FORM
Genre/form data or focus term Autobiographies.
Source of term rvmgf
942 ## - ADDED ENTRY ELEMENTS (KOHA)
Source of classification or shelving scheme Dewey Decimal Classification
Koha item type BOOK
Holdings
Withdrawn status Lost status Source of classification or shelving scheme Damaged status Not for loan Collection code Home library Current library Shelving location Date acquired Source of acquisition Total Checkouts Full call number Barcode Date last seen Date checked out Cost, replacement price Price effective from Koha item type
    Dewey Decimal Classification     Junior NonFiction Wasatch County Library Wasatch County Library Second Floor 02/07/2025 Amazon 2 J 92 Ogle 34301002145433 12/26/2025 07/22/2025 18.99 02/07/2025 BOOK
This project was made possible through a grant from the Institute of Museum and Library Service administered by the Utah State Library Division.

Wasatch County Library

  • 465 East 1200 South, Heber City, Utah 84032
  • Phone 435-654-1511 | Fax 435-654-6456

Hours

  • Monday - Friday 9:30 AM - 8:00 PM
  • Saturday 9:30 AM - 1:30 PM
  • Closed Sundays and Holidays